Statistics for Ferrari Models By Picture

Click here to take the quiz!

General Stats

  • This quiz has been taken 471 times
  • The average score is 9 of 16

Answer Stats

Answer% Correct
Ferrari F40
87%
Ferrari F50
86%
Ferrari 812
79%
Ferrari 488
76%
Ferrari SF90 Stradale
73%
Ferrari Monza SP2
70%
Ferrari 458
69%
Ferrari Enzo
65%
Ferrari F12
54%
Ferrari Roma
48%
Ferrari California
39%
Ferrari 599 GTO
35%
Ferrari Portofino
34%
Ferrari 288 GTO
30%
Ferrari F430
30%
Ferrari 550 Maranello
22%

Score Distribution

Percentile by Number Answered

Percent of People with Each Score

Your Score History

You have not taken this quiz